[Event "DEM U18 2022"]
[Site "Willingen GER"]
[Date "2022.06.08"]
[Round "5"]
[White "Bornholdt, Joa Max"]
[Black "Hassemeier, Mika"]
[Result "0-1"]
[Termination "normal"]
[Board "11"]
[WhiteElo "2132"]
[BlackElo "2177"]
[WhiteClock "00:09:33"]
[BlackClock "00:12:48"]
[PlyCount "58"]
[WhiteFideId "16253477"]
[BlackFideId "12994880"]
[EventCountry "GER"]
[EventRounds "9"]
[EventType "swiss"]
[EventDate "2022.06.04"]

1. d4 {[%clk 1:30:35]} Nf6 {[%clk 1:30:30]} 2. c4 {[%clk 1:30:54]} e6 {[%clk
1:30:46]} 3. Nf3 {[%clk 1:30:47]} b6 {[%clk 1:28:32]} 4. Nc3 {[%clk 1:30:46]}
Bb4 {[%clk 1:27:13]} 5. Qb3 {[%clk 1:28:57]} Bxc3+ {[%clk 1:23:44]} 6. Qxc3
{[%clk 1:28:01]} Ne4 {[%clk 1:22:13]} 7. Qc2 {[%clk 1:27:54]} Bb7 {[%clk
1:21:55]} 8. g3 {[%clk 1:28:06]} O-O {[%clk 1:20:41]} 9. Bg2 {[%clk 1:28:25]}
d5 {[%clk 1:15:37]} 10. cxd5 {[%clk 1:25:17]} exd5 {[%clk 1:15:14]} 11. Bf4
{[%clk 1:24:57]} c5 {[%clk 1:06:24]} 12. O-O {[%clk 1:21:30]} Nc6 {[%clk
1:02:21]} 13. dxc5 {[%clk 1:16:59]} bxc5 {[%clk 1:01:53]} 14. Rac1 {[%clk
1:12:16]} Qe7 {[%clk 0:59:58]} 15. Rfe1 {[%clk 0:56:31]} Rfe8 {[%clk 0:48:52]}
16. Rcd1 {[%clk 0:39:26]} Rad8 {[%clk 0:40:00]} 17. Qc1 {[%clk 0:35:51]} h6
{[%clk 0:33:39]} 18. Nd2 {[%clk 0:31:35]} Nxd2 {[%clk 0:22:40]} 19. Bxd2 {[%clk
0:32:00]} Ne5 {[%clk 0:20:38]} 20. Ba5 {[%clk 0:28:15]} Rd7 {[%clk 0:13:07]}
21. Bh3 {[%clk 0:25:18]} d4 {[%clk 0:12:50]} 22. Bxd7 {[%clk 0:19:54]} Qxd7
{[%clk 0:13:03]} 23. f3 {[%clk 0:08:13]} Qh3 {[%clk 0:11:49]} 24. Qxc5 {[%clk
0:07:25]} Ng4 {[%clk 0:11:07]} 25. Qxd4 {[%clk 0:07:48]} Qxh2+ {[%clk 0:11:27]}
26. Kf1 {[%clk 0:08:17]} Qh1+ {[%clk 0:11:37]} 27. Qg1 {[%clk 0:08:40]} Qh3+
{[%clk 0:12:00]} 28. Qg2 {[%clk 0:09:06]} Ne3+ {[%clk 0:12:25]} 29. Kg1 {[%clk
0:09:33]} Qxg2# {[%clk 0:12:48]} 0-1

[Event "DEM U18 2022"]
[Site "Willingen GER"]
[Date "2022.06.08"]
[Round "5"]
[White "Dietlmeier, Tobias"]
[Black "Mankel, Luca"]
[Result "1-0"]
[Termination "normal"]
[Board "12"]
[WhiteElo "1886"]
[BlackElo "2010"]
[WhiteClock "00:11:53"]
[BlackClock "00:40:58"]
[PlyCount "62"]
[WhiteFideId "16213963"]
[BlackFideId "16253876"]
[EventCountry "GER"]
[EventRounds "9"]
[EventType "swiss"]
[EventDate "2022.06.04"]

1. e4 {[%clk 1:30:56]} c5 {[%clk 1:30:16]} 2. Nc3 {[%clk 1:31:09]} a6 {[%clk
1:30:42]} 3. Bc4 {[%clk 1:27:23]} e6 {[%clk 1:30:46]} 4. d3 {[%clk 1:26:35]}
Nc6 {[%clk 1:31:08]} 5. a3 {[%clk 1:25:10]} Nge7 {[%clk 1:31:31]} 6. f4 {[%clk
1:23:25]} g6 {[%clk 1:31:45]} 7. Nf3 {[%clk 1:21:44]} Bg7 {[%clk 1:32:08]} 8.
O-O {[%clk 1:20:02]} O-O {[%clk 1:32:26]} 9. Ne2 {[%clk 1:16:20]} d5 {[%clk
1:26:03]} 10. Ba2 {[%clk 1:16:00]} b5 {[%clk 1:26:20]} 11. Qe1 {[%clk 1:13:53]}
Bb7 {[%clk 1:16:04]} 12. Qh4 {[%clk 1:11:25]} Nd4 {[%clk 1:14:41]} 13. Nexd4
{[%clk 1:09:34]} cxd4 {[%clk 1:15:10]} 14. g4 {[%clk 0:57:43]} dxe4 {[%clk
1:00:08]} 15. Ng5 {[%clk 0:52:40]} h6 {[%clk 1:00:33]} 16. Nxe4 {[%clk
0:52:57]} Nd5 {[%clk 1:00:38]} 17. Qxd8 {[%clk 0:49:51]} Raxd8 {[%clk 0:58:37]}
18. f5 {[%clk 0:49:06]} exf5 {[%clk 0:51:44]} 19. gxf5 {[%clk 0:48:10]} Kh7
{[%clk 0:51:50]} 20. f6 {[%clk 0:43:26]} Bh8 {[%clk 0:52:15]} 21. Bd2 {[%clk
0:40:38]} Bc8 {[%clk 0:51:00]} 22. Rae1 {[%clk 0:34:32]} Bf5 {[%clk 0:49:29]}
23. Ba5 {[%clk 0:28:05]} Rd7 {[%clk 0:46:51]} 24. Nc5 {[%clk 0:26:38]} Rd6
{[%clk 0:46:52]} 25. Bxd5 {[%clk 0:25:42]} Rxd5 {[%clk 0:47:11]} 26. Nxa6
{[%clk 0:22:37]} Bxf6 {[%clk 0:44:41]} 27. Nc7 {[%clk 0:19:03]} Rd7 {[%clk
0:41:07]} 28. Nxb5 {[%clk 0:15:34]} Rb8 {[%clk 0:40:37]} 29. a4 {[%clk
0:15:05]} Ra8 {[%clk 0:41:03]} 30. b4 {[%clk 0:15:10]} Bg5 {[%clk 0:40:58]} 31.
Re5 {[%clk 0:11:53]} Rc7 1-0

[Event "DEM U18 2022"]
[Site "Willingen GER"]
[Date "2022.06.08"]
[Round "5"]
[White "Wehrle, Maximilian"]
[Black "Chen, Qingzhi Alexander"]
[Result "0-1"]
[Termination "normal"]
[Board "13"]
[WhiteElo "1786"]
[BlackElo "1879"]
[WhiteClock "00:21:10"]
[BlackClock "00:09:10"]
[PlyCount "62"]
[WhiteFideId "65600347"]
[BlackFideId "16241959"]
[EventCountry "GER"]
[EventRounds "9"]
[EventType "swiss"]
[EventDate "2022.06.04"]

1. e4 {[%clk 1:30:54]} c5 {[%clk 1:30:59]} 2. Nf3 {[%clk 1:30:59]} d6 {[%clk
1:31:26]} 3. Bb5+ {[%clk 1:31:19]} Nd7 {[%clk 1:31:52]} 4. d4 {[%clk 1:30:37]}
cxd4 {[%clk 1:32:09]} 5. Nxd4 {[%clk 1:30:57]} Ngf6 {[%clk 1:32:28]} 6. O-O
{[%clk 1:31:21]} e6 {[%clk 1:29:51]} 7. c4 {[%clk 1:27:05]} Nxe4 {[%clk
1:27:02]} 8. Re1 {[%clk 1:26:18]} Nef6 {[%clk 1:24:57]} 9. Rxe6+ {[%clk
1:23:35]} fxe6 {[%clk 1:19:41]} 10. Nxe6 {[%clk 1:23:59]} Qe7 {[%clk 1:17:29]}
11. Nc7+ {[%clk 1:22:40]} Kf7 {[%clk 1:16:35]} 12. Nxa8 {[%clk 1:22:44]} Nc5
{[%clk 1:15:54]} 13. b4 {[%clk 1:14:36]} Qe5 {[%clk 1:14:53]} 14. Nc3 {[%clk
1:11:54]} Qxc3 {[%clk 1:04:48]} 15. Bd2 {[%clk 1:12:09]} Qe5 {[%clk 1:04:46]}
16. bxc5 {[%clk 1:12:22]} dxc5 {[%clk 1:05:09]} 17. g3 {[%clk 0:48:45]} Qb8
{[%clk 0:58:05]} 18. Bf4 {[%clk 0:49:08]} Qxa8 {[%clk 0:52:37]} 19. Qd8 {[%clk
0:49:32]} a6 {[%clk 0:38:42]} 20. Ba4 {[%clk 0:49:50]} b5 {[%clk 0:36:47]} 21.
cxb5 {[%clk 0:49:07]} axb5 {[%clk 0:31:17]} 22. Bxb5 {[%clk 0:49:07]} Qb7
{[%clk 0:28:48]} 23. Rb1 {[%clk 0:45:01]} Qe4 {[%clk 0:22:19]} 24. Bd3 {[%clk
0:31:33]} Be7 {[%clk 0:20:03]} 25. Qxh8 {[%clk 0:30:29]} Qxd3 {[%clk 0:20:22]}
26. Re1 {[%clk 0:29:23]} Bh3 {[%clk 0:16:57]} 27. Qa8 {[%clk 0:28:36]} Be6
{[%clk 0:14:07]} 28. a4 {[%clk 0:26:35]} Bd5 {[%clk 0:13:13]} 29. Qa7 {[%clk
0:27:00]} Be6 {[%clk 0:09:29]} 30. Qb6 {[%clk 0:26:13]} Qd5 {[%clk 0:09:36]}
31. Qa7 {[%clk 0:21:10]} Nd7 {[%clk 0:09:10]} 0-1

[Event "DEM U18 2022"]
[Site "Willingen GER"]
[Date "2022.06.08"]
[Round "6"]
[White "Dahl, Christoph"]
[Black "Fromm, Marius"]
[Result "1/2-1/2"]
[Termination "normal"]
[Board "1"]
[WhiteTitle "FM"]
[BlackTitle "FM"]
[WhiteElo "2351"]
[BlackElo "2336"]
[WhiteClock "00:31:14"]
[BlackClock "00:24:17"]
[PlyCount "55"]
[WhiteFideId "16240235"]
[BlackFideId "12993190"]
[EventCountry "GER"]
[EventRounds "9"]
[EventType "swiss"]
[EventDate "2022.06.04"]

1. e4 {[%clk 1:30:58]} e5 {[%clk 1:30:54]} 2. Nc3 {[%clk 1:30:50]} Nf6 {[%clk
1:31:18]} 3. Bc4 {[%clk 1:30:53]} Nc6 {[%clk 1:31:44]} 4. Nge2 {[%clk 1:30:42]}
Bc5 {[%clk 1:31:37]} 5. O-O {[%clk 1:30:23]} O-O {[%clk 1:30:55]} 6. d3 {[%clk
1:29:44]} Na5 {[%clk 1:29:53]} 7. a3 {[%clk 1:28:07]} Nxc4 {[%clk 1:30:03]} 8.
dxc4 {[%clk 1:28:32]} d6 {[%clk 1:27:26]} 9. Qd3 {[%clk 1:22:24]} a5 {[%clk
1:23:57]} 10. Be3 {[%clk 1:20:49]} Bxe3 {[%clk 1:23:06]} 11. Qxe3 {[%clk
1:17:36]} Be6 {[%clk 1:09:36]} 12. b3 {[%clk 1:14:46]} a4 {[%clk 1:07:33]} 13.
f4 {[%clk 1:09:40]} exf4 {[%clk 1:05:35]} 14. Nxf4 {[%clk 1:07:56]} Re8 {[%clk
1:04:22]} 15. Qd4 {[%clk 1:03:01]} axb3 {[%clk 1:03:49]} 16. cxb3 {[%clk
1:03:26]} Nd7 {[%clk 0:56:15]} 17. Nd3 {[%clk 0:57:07]} Ne5 {[%clk 0:51:52]}
18. Nxe5 {[%clk 0:53:45]} dxe5 {[%clk 0:52:18]} 19. Qe3 {[%clk 0:53:54]} Qe7
{[%clk 0:49:19]} 20. a4 {[%clk 0:53:34]} c6 {[%clk 0:49:11]} 21. Ne2 {[%clk
0:50:45]} Qb4 {[%clk 0:44:23]} 22. Ng3 {[%clk 0:46:28]} f6 {[%clk 0:34:14]} 23.
Nf5 {[%clk 0:42:30]} Rad8 {[%clk 0:33:39]} 24. Rad1 {[%clk 0:41:52]} g6 {[%clk
0:23:47]} 25. Rxd8 {[%clk 0:37:21]} Rxd8 {[%clk 0:24:12]} 26. Ng3 {[%clk
0:37:46]} Kg7 {[%clk 0:23:56]} 27. Qf3 {[%clk 0:33:26]} Qe7 {[%clk 0:24:17]}
28. h3 {[%clk 0:31:14]} 1/2-1/2

[Event "DEM U18 2022"]
[Site "Willingen GER"]
[Date "2022.06.08"]
[Round "6"]
[White "Kölle, Tobias"]
[Black "Weishäutel, Moritz"]
[Result "1-0"]
[Termination "normal"]
[Board "2"]
[WhiteTitle "FM"]
[BlackTitle "FM"]
[WhiteElo "2443"]
[BlackElo "2407"]
[WhiteClock "00:06:33"]
[BlackClock "00:18:46"]
[PlyCount "79"]
[WhiteFideId "16207378"]
[BlackFideId "12967300"]
[EventCountry "GER"]
[EventRounds "9"]
[EventType "swiss"]
[EventDate "2022.06.04"]

1. d4 {[%clk 1:30:57]} Nf6 {[%clk 1:30:57]} 2. c4 {[%clk 1:31:22]} c5 {[%clk
1:31:24]} 3. d5 {[%clk 1:31:48]} b5 {[%clk 1:31:52]} 4. cxb5 {[%clk 1:32:13]}
a6 {[%clk 1:32:19]} 5. bxa6 {[%clk 1:32:39]} g6 {[%clk 1:32:46]} 6. Nc3 {[%clk
1:33:06]} Bg7 {[%clk 1:33:12]} 7. e4 {[%clk 1:33:14]} O-O {[%clk 1:33:38]} 8.
a7 {[%clk 1:33:36]} Rxa7 {[%clk 1:34:04]} 9. a4 {[%clk 1:33:37]} d6 {[%clk
1:32:14]} 10. Bb5 {[%clk 1:32:38]} e6 {[%clk 1:27:41]} 11. Nge2 {[%clk
1:30:52]} exd5 {[%clk 1:27:59]} 12. exd5 {[%clk 1:31:20]} Na6 {[%clk 1:25:58]}
13. O-O {[%clk 1:29:38]} Nb4 {[%clk 1:25:13]} 14. h3 {[%clk 1:18:39]} Bb7
{[%clk 1:17:09]} 15. Bc4 {[%clk 1:18:16]} Ba6 {[%clk 1:17:29]} 16. Bxa6 {[%clk
1:15:42]} Rxa6 {[%clk 1:17:50]} 17. Bg5 {[%clk 0:49:44]} Qa8 {[%clk 1:10:05]}
18. Bxf6 {[%clk 0:49:17]} Bxf6 {[%clk 1:10:30]} 19. Qd2 {[%clk 0:49:26]} Re8
{[%clk 1:03:11]} 20. Rad1 {[%clk 0:47:42]} Re5 {[%clk 0:44:13]} 21. Ng3 {[%clk
0:34:31]} Re7 {[%clk 0:36:59]} 22. Rfe1 {[%clk 0:28:30]} Rxe1+ {[%clk 0:29:17]}
23. Rxe1 {[%clk 0:28:26]} Ra7 {[%clk 0:27:22]} 24. Nge4 {[%clk 0:25:48]} Be5
{[%clk 0:25:09]} 25. Nxc5 {[%clk 0:14:46]} Bxc3 {[%clk 0:22:27]} 26. bxc3
{[%clk 0:14:10]} dxc5 {[%clk 0:22:17]} 27. cxb4 {[%clk 0:14:36]} cxb4 {[%clk
0:22:41]} 28. d6 {[%clk 0:13:29]} Qc6 {[%clk 0:22:33]} 29. Rd1 {[%clk 0:07:17]}
Qd7 {[%clk 0:19:43]} 30. Qxb4 {[%clk 0:06:54]} Rxa4 {[%clk 0:20:09]} 31. Qb8+
{[%clk 0:06:51]} Kg7 {[%clk 0:20:38]} 32. Qb2+ {[%clk 0:07:15]} Kg8 {[%clk
0:20:51]} 33. Qb8+ {[%clk 0:07:35]} Kg7 {[%clk 0:21:20]} 34. Qb2+ {[%clk
0:07:59]} Kg8 {[%clk 0:21:41]} 35. Qe5 {[%clk 0:07:58]} Ra8 {[%clk 0:21:14]}
36. Re1 {[%clk 0:06:34]} Rd8 {[%clk 0:18:04]} 37. Qf6 {[%clk 0:06:48]} Re8
{[%clk 0:18:26]} 38. Rxe8+ {[%clk 0:05:50]} Qxe8 {[%clk 0:18:55]} 39. Qe7
{[%clk 0:06:14]} Qc6 {[%clk 0:18:46]} 40. Qc7 {[%clk 0:06:33]} 1-0

[Event "DEM U18 2022"]
[Site "Willingen GER"]
[Date "2022.06.08"]
[Round "6"]
[White "Pubantz, Jan"]
[Black "von Mettenheim, Johannes"]
[Result "1-0"]
[Termination "normal"]
[Board "3"]
[WhiteElo "2260"]
[BlackElo "2219"]
[WhiteClock "00:15:18"]
[BlackClock "00:44:47"]
[PlyCount "90"]
[WhiteFideId "12996114"]
[BlackFideId "16244818"]
[EventCountry "GER"]
[EventRounds "9"]
[EventType "swiss"]
[EventDate "2022.06.04"]

1. d4 {[%clk 1:30:59]} Nf6 {[%clk 1:30:54]} 2. c4 {[%clk 1:31:26]} e6 {[%clk
1:31:20]} 3. Nc3 {[%clk 1:31:53]} Bb4 {[%clk 1:31:41]} 4. Qc2 {[%clk 1:32:21]}
d5 {[%clk 1:32:04]} 5. a3 {[%clk 1:32:40]} Bxc3+ {[%clk 1:32:27]} 6. Qxc3
{[%clk 1:33:07]} dxc4 {[%clk 1:32:24]} 7. Qxc4 {[%clk 1:33:22]} b6 {[%clk
1:32:31]} 8. Bf4 {[%clk 1:33:30]} Ba6 {[%clk 1:31:55]} 9. Qxc7 {[%clk 1:33:21]}
Qd5 {[%clk 1:32:07]} 10. Qd6 {[%clk 1:33:13]} Qf5 {[%clk 1:31:52]} 11. f3
{[%clk 1:18:31]} Qb5 {[%clk 1:29:12]} 12. Rc1 {[%clk 1:13:40]} Nd5 {[%clk
1:05:57]} 13. Bg5 {[%clk 0:59:56]} Nd7 {[%clk 1:03:17]} 14. Qc6 {[%clk
0:52:53]} Qxc6 {[%clk 1:03:34]} 15. Rxc6 {[%clk 0:53:22]} Bb5 {[%clk 1:03:23]}
16. Rc1 {[%clk 0:52:58]} f5 {[%clk 1:03:00]} 17. Nh3 {[%clk 0:49:29]} O-O
{[%clk 0:59:06]} 18. e4 {[%clk 0:42:46]} Bxf1 {[%clk 0:59:31]} 19. Rxf1 {[%clk
0:43:06]} N5f6 {[%clk 0:59:28]} 20. Nf2 {[%clk 0:40:30]} Rfd8 {[%clk 0:51:04]}
21. Ke2 {[%clk 0:37:14]} h6 {[%clk 0:49:12]} 22. Bxf6 {[%clk 0:34:42]} Nxf6
{[%clk 0:49:36]} 23. Rfd1 {[%clk 0:33:24]} Rd7 {[%clk 0:49:46]} 24. Rc6 {[%clk
0:30:23]} fxe4 {[%clk 0:45:21]} 25. fxe4 {[%clk 0:28:35]} Rad8 {[%clk 0:44:47]}
26. Ke3 {[%clk 0:25:39]} Kf7 {[%clk 0:45:11]} 27. h3 {[%clk 0:25:36]} Ke7
{[%clk 0:45:14]} 28. Rc4 {[%clk 0:24:11]} Ne8 {[%clk 0:44:31]} 29. Ng4 {[%clk
0:21:37]} Nd6 {[%clk 0:44:15]} 30. Rc2 {[%clk 0:20:54]} Nf7 {[%clk 0:43:55]}
31. Nh2 {[%clk 0:16:25]} g5 {[%clk 0:40:38]} 32. Rcd2 {[%clk 0:11:55]} Nd6
{[%clk 0:30:21]} 33. Rc2 {[%clk 0:11:30]} Nf7 {[%clk 0:30:21]} 34. Nf3 {[%clk
0:10:02]} Rg8 {[%clk 0:30:33]} 35. g4 {[%clk 0:08:29]} h5 {[%clk 0:30:12]} 36.
Rg1 {[%clk 0:03:15]} Rh8 {[%clk 0:30:25]} 37. h4 {[%clk 0:02:42]} hxg4 {[%clk
0:29:21]} 38. Rxg4 {[%clk 0:03:01]} gxh4 {[%clk 0:29:23]} 39. Nxh4 {[%clk
0:02:50]} Rhd8 {[%clk 0:29:11]} 40. Ng6+ {[%clk 0:01:31]} Ke8 {[%clk 0:29:26]}
41. Nf4 {[%clk 0:23:07]} e5 {[%clk 0:45:29]} 42. Rg8+ {[%clk 0:15:29]} Ke7
{[%clk 0:45:53]} 43. Ng6+ {[%clk 0:15:28]} Kd6 {[%clk 0:44:30]} 44. dxe5+
{[%clk 0:15:04]} Nxe5 {[%clk 0:44:47]} 45. Rxd8 {[%clk 0:15:18]} Kd5 1-0

[Event "DEM U18 2022"]
[Site "Willingen GER"]
[Date "2022.06.08"]
[Round "6"]
[White "Hinrichs, Paul"]
[Black "Zackrisson, Peter"]
[Result "1/2-1/2"]
[Termination "normal"]
[Board "5"]
[WhiteElo "2225"]
[BlackElo "2020"]
[WhiteClock "00:29:01"]
[BlackClock "00:01:48"]
[PlyCount "89"]
[WhiteFideId "12942545"]
[BlackFideId "16282078"]
[EventCountry "GER"]
[EventRounds "9"]
[EventType "swiss"]
[EventDate "2022.06.04"]

1. d4 {[%clk 1:30:58]} Nf6 {[%clk 1:30:49]} 2. c4 {[%clk 1:31:25]} g6 {[%clk
1:31:13]} 3. Nc3 {[%clk 1:31:51]} Bg7 {[%clk 1:31:36]} 4. e4 {[%clk 1:32:18]}
d6 {[%clk 1:31:59]} 5. Be2 {[%clk 1:32:10]} O-O {[%clk 1:32:19]} 6. Be3 {[%clk
1:32:29]} Nc6 {[%clk 1:32:29]} 7. Nf3 {[%clk 1:25:09]} Ng4 {[%clk 1:30:16]} 8.
Bg5 {[%clk 1:24:19]} h6 {[%clk 1:30:34]} 9. Bh4 {[%clk 1:23:20]} g5 {[%clk
1:30:52]} 10. Bg3 {[%clk 1:18:32]} e5 {[%clk 1:29:36]} 11. dxe5 {[%clk
1:17:42]} Ngxe5 {[%clk 1:22:51]} 12. h4 {[%clk 1:16:18]} Be6 {[%clk 1:18:49]}
13. hxg5 {[%clk 1:14:56]} hxg5 {[%clk 1:18:53]} 14. Nxe5 {[%clk 0:58:22]} dxe5
{[%clk 1:12:11]} 15. Nd5 {[%clk 0:40:08]} Nd4 {[%clk 1:08:47]} 16. Ne3 {[%clk
0:36:01]} c6 {[%clk 1:07:41]} 17. Bd3 {[%clk 0:35:17]} Qe7 {[%clk 1:01:51]} 18.
Qh5 {[%clk 0:32:42]} Rfd8 {[%clk 1:01:24]} 19. O-O-O {[%clk 0:27:45]} b5 {[%clk
0:56:46]} 20. Kb1 {[%clk 0:24:38]} Rdb8 {[%clk 0:45:34]} 21. c5 {[%clk
0:20:01]} f6 {[%clk 0:40:04]} 22. Qg6 {[%clk 0:18:17]} Qf7 {[%clk 0:37:49]} 23.
Qxf7+ {[%clk 0:17:42]} Kxf7 {[%clk 0:37:59]} 24. f3 {[%clk 0:14:06]} Rh8 {[%clk
0:34:36]} 25. Bf2 {[%clk 0:13:11]} Rxh1 {[%clk 0:33:54]} 26. Rxh1 {[%clk
0:13:39]} Rd8 {[%clk 0:33:56]} 27. Rd1 {[%clk 0:12:10]} f5 {[%clk 0:22:07]} 28.
exf5 {[%clk 0:06:00]} Nxf5 {[%clk 0:22:27]} 29. Be4 {[%clk 0:05:41]} Rxd1+
{[%clk 0:21:44]} 30. Nxd1 {[%clk 0:06:10]} Ne7 {[%clk 0:21:13]} 31. Kc2 {[%clk
0:05:35]} g4 {[%clk 0:20:34]} 32. fxg4 {[%clk 0:05:49]} Bxg4 {[%clk 0:20:40]}
33. Ne3 {[%clk 0:05:52]} Be6 {[%clk 0:19:21]} 34. b3 {[%clk 0:03:04]} Bh6
{[%clk 0:18:58]} 35. Bf3 {[%clk 0:02:44]} Nd5 {[%clk 0:11:50]} 36. Kd2 {[%clk
0:02:19]} a5 {[%clk 0:04:30]} 37. a3 {[%clk 0:02:18]} b4 {[%clk 0:02:58]} 38.
axb4 {[%clk 0:02:31]} axb4 {[%clk 0:03:21]} 39. g3 {[%clk 0:01:24]} Nxe3 {[%clk
0:02:33]} 40. Bxe3 {[%clk 0:01:51]} Bxe3+ {[%clk 0:03:01]} 41. Kxe3 {[%clk
0:02:11]} Bxb3 {[%clk 0:03:24]} 42. Bxc6 {[%clk 0:02:38]} Ke6 {[%clk 0:02:37]}
43. g4 {[%clk 0:01:28]} Bd1 {[%clk 0:02:22]} 44. g5 {[%clk 0:01:49]} Kf5 {[%clk
0:01:48]} 45. Bd5 {[%clk 0:29:01]} 1/2-1/2

[Event "DEM U18 2022"]
[Site "Willingen GER"]
[Date "2022.06.08"]
[Round "6"]
[White "Jeschke, Jan"]
[Black "Colbow, Collin"]
[Result "1/2-1/2"]
[Termination "normal"]
[Board "6"]
[BlackTitle "FM"]
[WhiteElo "2125"]
[BlackElo "2345"]
[WhiteClock "00:06:23"]
[BlackClock "00:11:25"]
[PlyCount "63"]
[WhiteFideId "16225430"]
[BlackFideId "16201132"]
[EventCountry "GER"]
[EventRounds "9"]
[EventType "swiss"]
[EventDate "2022.06.04"]

1. e4 {[%clk 1:30:56]} c5 {[%clk 1:30:57]} 2. d4 {[%clk 1:31:14]} cxd4 {[%clk
1:31:22]} 3. c3 {[%clk 1:31:38]} dxc3 {[%clk 1:31:48]} 4. Nxc3 {[%clk 1:32:02]}
e6 {[%clk 1:32:02]} 5. Nf3 {[%clk 1:32:07]} a6 {[%clk 1:32:27]} 6. Bc4 {[%clk
1:32:09]} b5 {[%clk 1:32:49]} 7. Bb3 {[%clk 1:32:14]} Nc6 {[%clk 1:33:11]} 8.
O-O {[%clk 1:32:23]} Na5 {[%clk 1:33:30]} 9. Re1 {[%clk 1:30:50]} Nxb3 {[%clk
1:32:28]} 10. Qxb3 {[%clk 1:30:20]} Bb7 {[%clk 1:32:02]} 11. Bf4 {[%clk
1:26:14]} Be7 {[%clk 1:32:04]} 12. e5 {[%clk 1:14:55]} Bxf3 {[%clk 1:32:02]}
13. gxf3 {[%clk 1:15:20]} Bg5 {[%clk 1:32:23]} 14. Bg3 {[%clk 1:14:51]} h5
{[%clk 1:13:10]} 15. f4 {[%clk 1:00:10]} Bh6 {[%clk 0:43:05]} 16. f5 {[%clk
0:35:24]} exf5 {[%clk 0:29:54]} 17. Rad1 {[%clk 0:31:37]} Ne7 {[%clk 0:27:54]}
18. e6 {[%clk 0:30:04]} fxe6 {[%clk 0:27:27]} 19. Rxe6 {[%clk 0:30:15]} dxe6
{[%clk 0:24:07]} 20. Rxd8+ {[%clk 0:30:36]} Rxd8 {[%clk 0:24:27]} 21. Qxe6
{[%clk 0:30:17]} f4 {[%clk 0:22:00]} 22. Bh4 {[%clk 0:30:37]} g5 {[%clk
0:22:07]} 23. Qf6 {[%clk 0:29:13]} Rh7 {[%clk 0:16:02]} 24. Bxg5 {[%clk
0:27:05]} Bxg5 {[%clk 0:16:17]} 25. Qxg5 {[%clk 0:27:27]} f3 {[%clk 0:15:45]}
26. h3 {[%clk 0:23:38]} Rd6 {[%clk 0:13:44]} 27. Qf4 {[%clk 0:08:50]} Rg6+
{[%clk 0:13:56]} 28. Kf1 {[%clk 0:09:11]} Rf7 {[%clk 0:13:45]} 29. Qb8+ {[%clk
0:09:07]} Kd7 {[%clk 0:14:14]} 30. Qb7+ {[%clk 0:07:06]} Kd8 {[%clk 0:14:00]}
31. Qa8+ {[%clk 0:06:14]} Kd7 {[%clk 0:11:25]} 32. Qb7+ {[%clk 0:06:23]}
1/2-1/2

[Event "DEM U18 2022"]
[Site "Willingen GER"]
[Date "2022.06.08"]
[Round "6"]
[White "Hassemeier, Mika"]
[Black "Musiolik, David"]
[Result "0-1"]
[Termination "normal"]
[Board "7"]
[WhiteElo "2177"]
[BlackElo "2217"]
[WhiteClock "00:11:14"]
[BlackClock "00:51:22"]
[PlyCount "46"]
[WhiteFideId "12994880"]
[BlackFideId "12972355"]
[EventCountry "GER"]
[EventRounds "9"]
[EventType "swiss"]
[EventDate "2022.06.04"]

1. d4 {[%clk 1:30:59]} Nf6 {[%clk 1:30:47]} 2. c4 {[%clk 1:31:20]} g6 {[%clk
1:31:02]} 3. Nc3 {[%clk 1:31:38]} Bg7 {[%clk 1:31:17]} 4. e4 {[%clk 1:31:09]}
d6 {[%clk 1:31:30]} 5. h3 {[%clk 1:31:18]} Na6 {[%clk 1:23:54]} 6. Be3 {[%clk
1:28:27]} O-O {[%clk 1:23:30]} 7. g4 {[%clk 1:25:13]} c5 {[%clk 1:23:01]} 8. d5
{[%clk 1:21:32]} e6 {[%clk 1:22:37]} 9. g5 {[%clk 1:17:07]} Nh5 {[%clk
1:22:49]} 10. Be2 {[%clk 1:09:58]} exd5 {[%clk 1:22:06]} 11. cxd5 {[%clk
1:02:35]} b5 {[%clk 1:21:01]} 12. Bxh5 {[%clk 0:40:33]} gxh5 {[%clk 1:21:22]}
13. Qd2 {[%clk 0:40:21]} b4 {[%clk 1:10:02]} 14. Nd1 {[%clk 0:39:24]} Re8
{[%clk 1:06:16]} 15. f3 {[%clk 0:36:00]} f5 {[%clk 1:03:55]} 16. gxf6 {[%clk
0:30:30]} Qxf6 {[%clk 1:04:13]} 17. Bg5 {[%clk 0:28:18]} Qf8 {[%clk 0:57:32]}
18. Ne3 {[%clk 0:25:25]} c4 {[%clk 0:57:05]} 19. Nxc4 {[%clk 0:24:14]} Nc5
{[%clk 0:56:48]} 20. Be3 {[%clk 0:15:55]} Nxe4 {[%clk 0:50:59]} 21. fxe4 {[%clk
0:16:15]} Rxe4 {[%clk 0:51:20]} 22. O-O-O {[%clk 0:10:52]} Rxc4+ {[%clk
0:51:09]} 23. Kb1 {[%clk 0:11:14]} Bf5+ {[%clk 0:51:22]} 0-1

[Event "DEM U18 2022"]
[Site "Willingen GER"]
[Date "2022.06.08"]
[Round "6"]
[White "Weihrauch, Jakob"]
[Black "Müller, Magnus"]
[Result "1/2-1/2"]
[Termination "normal"]
[Board "8"]
[WhiteElo "2151"]
[BlackElo "2034"]
[WhiteClock "00:05:18"]
[BlackClock "00:27:40"]
[PlyCount "67"]
[WhiteFideId "16210115"]
[BlackFideId "16230060"]
[EventCountry "GER"]
[EventRounds "9"]
[EventType "swiss"]
[EventDate "2022.06.04"]

1. e4 {[%clk 1:30:57]} c6 {[%clk 1:30:21]} 2. d4 {[%clk 1:31:18]} d5 {[%clk
1:30:47]} 3. e5 {[%clk 1:31:43]} Bf5 {[%clk 1:31:13]} 4. h4 {[%clk 1:32:09]} h5
{[%clk 1:31:39]} 5. Bd3 {[%clk 1:32:35]} Bxd3 {[%clk 1:32:05]} 6. Qxd3 {[%clk
1:33:01]} Qa5+ {[%clk 1:32:31]} 7. Nd2 {[%clk 1:33:17]} e6 {[%clk 1:32:57]} 8.
Ngf3 {[%clk 1:32:10]} Nh6 {[%clk 1:33:23]} 9. O-O {[%clk 1:31:04]} Nf5 {[%clk
1:33:42]} 10. Nb3 {[%clk 1:27:02]} Qb5 {[%clk 1:34:03]} 11. Qd1 {[%clk
1:27:25]} c5 {[%clk 1:34:29]} 12. c3 {[%clk 1:19:17]} Nc6 {[%clk 1:33:42]} 13.
Bg5 {[%clk 1:10:58]} c4 {[%clk 1:29:59]} 14. Qe2 {[%clk 1:11:05]} Qb6 {[%clk
1:26:01]} 15. Nc1 {[%clk 1:09:42]} Be7 {[%clk 1:18:04]} 16. g3 {[%clk 1:06:57]}
Rc8 {[%clk 1:04:23]} 17. b3 {[%clk 0:59:27]} Ba3 {[%clk 1:00:16]} 18. bxc4
{[%clk 0:55:05]} Bxc1 {[%clk 0:57:56]} 19. Rfxc1 {[%clk 0:45:14]} Qa6 {[%clk
0:57:22]} 20. Rc2 {[%clk 0:36:59]} Qxc4 {[%clk 0:52:08]} 21. Qxc4 {[%clk
0:37:24]} dxc4 {[%clk 0:52:32]} 22. Nd2 {[%clk 0:37:30]} Na5 {[%clk 0:44:53]}
23. Ne4 {[%clk 0:35:29]} b6 {[%clk 0:41:18]} 24. Rd1 {[%clk 0:33:33]} Nc6
{[%clk 0:34:57]} 25. f3 {[%clk 0:32:22]} Rc7 {[%clk 0:34:35]} 26. Rh2 {[%clk
0:25:02]} Rd7 {[%clk 0:32:52]} 27. Rdd2 {[%clk 0:21:28]} Nfe7 {[%clk 0:30:08]}
28. Nd6+ {[%clk 0:19:26]} Rxd6 {[%clk 0:30:25]} 29. exd6 {[%clk 0:19:42]} Nd5
{[%clk 0:30:48]} 30. Rc2 {[%clk 0:13:14]} Kd7 {[%clk 0:31:13]} 31. Bf4 {[%clk
0:11:55]} Nxf4 {[%clk 0:27:38]} 32. gxf4 {[%clk 0:12:22]} Kxd6 {[%clk 0:27:50]}
33. Rhg2 {[%clk 0:07:34]} g6 {[%clk 0:27:40]} 34. f5 {[%clk 0:05:18]} 1/2-1/2